A logical response to the demands of the labour market?: young people living alone in Australia /
Guardado en:
| Hovedforfatter: | |
|---|---|
| Format: | Texto |
| Tags: |
Tilføj Tag
Ingen Tags, Vær først til at tagge denne postø!
|
MARC
| LEADER | 00000 a a2200000 04500 | ||
|---|---|---|---|
| 001 | 48861 | ||
| 003 | |||
| 040 | |||
| 100 | |a Hughes, Jody | ||
| 245 | |a A logical response to the demands of the labour market?: |b young people living alone in Australia / |c Jody Hughes | ||
| 773 | |g volumen61, número7, (2013), páginas 966-983 | ||
| 999 | |c 24470 |d 24470 | ||
